Kelopak pertama (Record no. 109325)

MARC details
000 -LEADER
fixed length control field 00541nam a2200205 i 4500
001 - CONTROL NUMBER
control field C2-0306413
003 - CONTROL NUMBER IDENTIFIER
control field PPAK
005 - DATE AND TIME OF LATEST TRANSACTION
control field 20180728091943.0
008 - FIXED-LENGTH DATA ELEMENTS--GENERAL INFORMATION
fixed length control field 101110s1976 xx |||| ||||| | may d
040 ## - CATALOGING SOURCE
Original cataloging agency PPAK
Language of cataloging eng
Transcribing agency PPAK
Description conventions rda
082 04 - DEWEY DECIMAL CLASSIFICATION NUMBER
Classification number 899.23
Edition number 23
090 00 - LOCALLY ASSIGNED LC-TYPE CALL NUMBER (OCLC); LOCAL CALL NUMBER (RLIN)
Classification number (OCLC) (R) ; Classification number, CALL (RLIN) (NR) 899.23
Feature heading KEL
Feature heading KIH
245 00 - TITLE STATEMENT
Title Kelopak pertama
264 #1 - PRODUCTION, PUBLICATION, DISTRIBUTION, MANUFACTURE, AND COPYRIGHT NOTICE
Name of producer, publisher, distributor, manufacturer Peserta bengkel penulisan kreatif kemudi/KKBS ,
Date of production, publication, distribution, manufacture, or copyright notice 1976
300 ## - PHYSICAL DESCRIPTION
Extent 59 pages ;
Dimensions 27 cm
336 ## - CONTENT TYPE
Source rdacontent
Content type term text
337 ## - MEDIA TYPE
Source rdamedia
Media type term unmediated
338 ## - CARRIER TYPE
Source rdacarrier
Carrier type term volume
942 ## - ADDED ENTRY ELEMENTS (KOHA)
-- dc
Koha item type Book
Holdings
Withdrawn Not for loan Current library Shelving location Date acquired Total Checkouts Full call number Barcode Date last seen Koha item type
  Not For Loan Perpustakaan Alor Setar Koleksi Ismail Hussein 10/11/2010   KIH 899.23 KEL A00180216 09/05/2018 Book